00511nam a22001812 4500001001100000005001700011008004100028020001600069040001500085100003200100245006400132250001300196260003200209300001700241650003700258700003100295852000300326000002110920151021152607.0120111s xx 000 0 eng d a033360059 : aKABUcKABU1 aTurner, Daphne.@000018179010aBusiness management studies /cDaphne Turner, Peter Turner. a1st ed. aOxford :bMacmillan,c1994. axiv, 255 p. 0aBusiness management.@00001597201 aTurner, Peter.@00001817911